000 00385nam a2200133Ia 4500
008 151001s9999||||xx |||||||||||||| ||und||
100 _aसुदर्शन भाटीया
245 _aशिवराज से विषपान तक
250 _a1
260 _bहिमाचल बुक्स दिल्ली
260 _c2012
300 _a160
365 _b21
999 _c999201
_d999198